山手線の駅(サドンデス) - Statistics

General Stats
  • This quiz has been taken 105 times
  • The average score is 16 of 20
Answers on the Grid
Answers color-coded by a green-red scale on the quiz's grid according to % correct below.
東京
新宿
渋谷
梅田
品川
池袋
千代田
赤羽
上野
大阪
秋葉原
横浜
日暮里
原宿
銀座
新橋
高田馬場
浅草
御徒町
代々木
日比谷
有楽町
大崎
大塚
千葉
駒込
大久保
新大久保
恵比須
目白
目黒
ラウール
 
Answer Stats
Answer % Correct
東京
96%
品川
94%
池袋
93%
新宿
91%
日暮里
90%
渋谷
89%
上野
89%
高田馬場
87%
秋葉原
84%
原宿
81%
新橋
80%
御徒町
77%
大崎
77%
代々木
74%
有楽町
71%
駒込
70%
大塚
69%
新大久保
66%
目白
53%
目黒
53%
No matching quizzes found
Score Distribution
Percent of People with Each Score
Percentile by Number Answered
Your Score History
You have not taken this quiz